000 00594nam a2200169 i 4500
001 bg
100 1 _aNOWAK, Stanisław
245 0 _aUkłady mikroelektroniczne grubowarstwowe :
_btechnologia własności zastosowania /
_cStanisław Nowak, Danuta Luśniak-Wójcicka, Michał Cież.
260 _aWarszawa,
_c1977.
700 1 _aLUŚNIAK-WÓJCICKA, Danuta
700 1 _aCIEŻ, Michał
040 _cBPK
041 _apol
942 _cKS
008 s pl f |000 0 pol
856 _uhttp://koha.tu.koszalin.pl/cgi-bin/koha/opac-detail.pl?biblionumber=17391
_yKatalog online BPK
999 _c17391
_d17391